| 000 | 00409nam a2200157 4500 | ||
|---|---|---|---|
| 001 | 113545 | ||
| 003 | ES-MaACL | ||
| 007 | t| | ||
| 008 | 061121s1927 sp r ||||1| spa d | ||
| 100 | 1 |
_aPalanco Romero, José. _988464 |
|
| 245 | 1 | 0 |
_aHistoria de España / _cJosé Palanco Romero. |
| 250 | _a2ª ed. | ||
| 260 |
_aGranada : _bLópez, _c1927. |
||
| 300 |
_a4 v. ; _c19 cm. |
||
| 852 |
_aES-MaACL _jB-8867-70 |
||
| 999 |
_c113545 _d113545 |
||